000 00806 a2200193 4500
999 _c7131
_d7131
020 _a1858986230
050 0 0 _aHB 145 BRI 1997
100 1 _aBridel, Pascal,
_d1948-
_eauthor
245 1 0 _aMoney and general equilibrium theory :
_bfrom Walras to Pareto, 1870-1923 /
_cPascal Bridel.
264 _aCheltenham :
_bEdward Elgar
_c1997
300 _axiii, 197 p. ;
500 _aIncludes bibliographical references (p. 176-190) and index.
504 _aIncludes bibliographical references (p. 176-190) and index.
650 0 _aEquilibrium (Economics)
650 0 _aMoney.
856 4 1 _3Table of contents
_uhttp://www.loc.gov/catdir/toc/fy034/97012052.html
942 _2lcc
_cBK
_h145
_iBRI
_kHB